000
00214 a2200097 4500
001
6044
100
_a
Hills, E S
245
_a
Water resources use and Management.
260
_a
_b
Melbourne
_c
090
_c
4945
_d
4945
942
_a
NUST-CAE
_c
M
_c
31317
999
_c
241117
_d
241117